000 00437nam a22001697a 4500
005 20240906112836.0
008 160611b xxu||||| |||| 00| 0 eng d
020 _a978-81-8054-712-6
041 _aeng
082 _b6767
_a658
100 _aBHUSHAN, Y.K.
245 _aFUNDAMENTAL'S OF BUSINESS ORGANISATION & MANAGEMENT
260 _aNew Delhi
_bSultan Chand & Sons,
_c1963
300 _a852;P
650 _aMANAGEMENT
942 _cBK
999 _c2358
_d2357